000 00213nam a2200097Ia 4500
008 191206s9999 xx 000 0 und d
020 _a9.78E+12
090 _aPR6023.E833
245 0 _aUNDER MY SKIN
260 _cc1994
999 _c17233
_d17233